1376 1312 1248 1803 1871 1711 1565 1956 1414 1456 1048 1641 1397 1370 1705 1125 1030 1707 1180 1125 1998 1982 1736 1504 1365 1864 1430 1031 1124 1789 1027 1910 1351 1336 1126 1583 1297 1687 1501 1183 1149 1279 1551 1406 1713 1504 1109 1798 1030 1992 1595 1280 1137 1926 1156 1504 1156 1886 1093 1383 1487 1546 1301 1057 1477 1487 1623 1965 1734 1399 1000 1196 1686 1865 1374 1587 1134 1458 1476 1766 1564 1025 1020 1948 1881 1645 1250 1037 1924 1717 1150 1158 1436 1720 1131 1865 1740 1883 1880 BCNSPRNW ULIB Ver.6.0+V

เปลี่ยนเป็นภาษาไทย

Change to English
 แสดงรายละเอียดบรรณานุกรม
  กลับหน้าหลัก

Brief Record : Get Marc (ISO 2709) : E-mail record : QR code < ปิดหน้าต่าง
LEADER : 00000nam 2200000uu 4500
001    13399123690
003     ULIB
008    141106s2556||||th 000 0 tha d
020    ^a9786161115326
060    ^aWA590^bร481ท
100 1  ^aRimer, Barbara K.
245 10 ^aทฤษฎีการสร้างเสริมสุขภาพ :^bฉบับสรุปสาระสำคัญ /^cBarbara K. Rimer, Karen Glanz ผู้แต่ง ; สินศักดิ์ชนม์ อุ่นพรมมี, ศรีเสาวลักษณ์ อุ่นพรมมี ผู้แปล
246 0  ^aTheory at a glande :^bA guide for health promotion practic.
250    ^aพิมพ์ครั้งที่ 1
260    ^aนนทบุรี :^bโครงการสวัสดิการวิชาการ สถาบันพระบรมราชชนก,^c2556
300    ^a89 หน้า
650  7 ^aการส่งเสริมสุขภาพ
650  7 ^aสุขภาพ
650  7 ^aพฤติกรรมสุขภาพ
700 1  ^aGlanz, Karen
700 0  ^aสินศักดิ์ชนม์ อุ่นพรมมี,^eผู้แปล
700 0  ^aศรีเสาวลักษณ์ อุ่นพรมมี,^eผู้แปล
700 1  ^aริเมอร์, บาร์บารา เค.
700 1  ^aแกลนซ์, คาเร็น
710 2  ^aสถาบันพระบรมราชชนก.^bโครงการสวัสดิการวิชาการ.
945    ^p220^l0^i036867
945    ^p220^l0^i036868
945    ^p220^l0^i036869
945    ^p220^l0^i036870
945    ^p220^l0^i036871
945    ^p220^l0^i036872
945    ^p220^l0^i036873
945    ^p220^l0^i036874
945    ^p220^l0^i036875
945    ^p220^l0^i036876
999    ^aเกษร โพธิ์สุวรรณ
รายการนี้ยังไม่มีแท็ก
คุณยังไม่ได้ล็อกอิน คุณสามารถมีกิจกรรมร่วมกับเว็บไซต์ได้ แต่ต้องล็อกอินก่อน ::
  ล็อกอิน

รายการสื่อสารสนเทศ

ลำดับที่ ประเภท เลขเรียก/บาร์โค้ด สถานที่ สถานะ
1. วิทยาศาสตร์การแพทย์ และสุขภาพ
หนังสือสำรอง
สถานะ=หนังสือสำรอง
WA590 ร481ท ฉ.1 
  Barcode: 036867
ห้องสมุดวิทยาเขตสวรรค์ประชารักษ์
►ส่วนจัดเก็บหนังสือเก่า สปร
บนชั้น
  ขอยืม
2. วิทยาศาสตร์การแพทย์ และสุขภาพ
วิทยาศาสตร์การแพทย์ และสุขภาพ
WA590 ร481ท ฉ.10 
  Barcode: 036876
ห้องสมุดวิทยาเขตสวรรค์ประชารักษ์
►ส่วนจัดเก็บหนังสือเก่า สปร
บนชั้น
  ขอยืม
3. วิทยาศาสตร์การแพทย์ และสุขภาพ
วิทยาศาสตร์การแพทย์ และสุขภาพ
WA590 ร481ท ฉ.2 
  Barcode: 036868
ห้องสมุดวิทยาเขตสวรรค์ประชารักษ์
►ส่วนจัดเก็บหนังสือเก่า สปร
บนชั้น
  ขอยืม
4. วิทยาศาสตร์การแพทย์ และสุขภาพ
วิทยาศาสตร์การแพทย์ และสุขภาพ
WA590 ร481ท ฉ.3 
  Barcode: 036869
ห้องสมุดวิทยาเขตสวรรค์ประชารักษ์
►ส่วนจัดเก็บหนังสือเก่า สปร
บนชั้น
  ขอยืม
5. วิทยาศาสตร์การแพทย์ และสุขภาพ
วิทยาศาสตร์การแพทย์ และสุขภาพ
WA590 ร481ท ฉ.4 
  Barcode: 036870
ห้องสมุดวิทยาเขตสวรรค์ประชารักษ์
►ส่วนจัดเก็บหนังสือเก่า สปร
บนชั้น
  ขอยืม
6. วิทยาศาสตร์การแพทย์ และสุขภาพ
วิทยาศาสตร์การแพทย์ และสุขภาพ
WA590 ร481ท ฉ.5 
  Barcode: 036871
ห้องสมุดวิทยาเขตสวรรค์ประชารักษ์
►ส่วนจัดเก็บหนังสือเก่า สปร
บนชั้น
  ขอยืม
7. วิทยาศาสตร์การแพทย์ และสุขภาพ
วิทยาศาสตร์การแพทย์ และสุขภาพ
WA590 ร481ท ฉ.6 
  Barcode: 036872
ห้องสมุดวิทยาเขตสวรรค์ประชารักษ์
►ส่วนจัดเก็บหนังสือเก่า สปร
บนชั้น
  ขอยืม
8. วิทยาศาสตร์การแพทย์ และสุขภาพ
วิทยาศาสตร์การแพทย์ และสุขภาพ
WA590 ร481ท ฉ.7 
  Barcode: 036873
ห้องสมุดวิทยาเขตสวรรค์ประชารักษ์
►ส่วนจัดเก็บหนังสือเก่า สปร
บนชั้น
  ขอยืม
9. วิทยาศาสตร์การแพทย์ และสุขภาพ
วิทยาศาสตร์การแพทย์ และสุขภาพ
WA590 ร481ท ฉ.8 
  Barcode: 036874
ห้องสมุดวิทยาเขตสวรรค์ประชารักษ์
►ส่วนจัดเก็บหนังสือเก่า สปร
บนชั้น
  ขอยืม
10. วิทยาศาสตร์การแพทย์ และสุขภาพ
วิทยาศาสตร์การแพทย์ และสุขภาพ
WA590 ร481ท ฉ.9 
  Barcode: 036875
ห้องสมุดวิทยาเขตสวรรค์ประชารักษ์
►ส่วนจัดเก็บหนังสือเก่า สปร
บนชั้น
  ขอยืม

รายการใกล้เคียง
    ผู้แต่ง [Rimer, Barbara K.]

    หัวเรื่อง [การส่งเสริมสุขภาพ]
    หัวเรื่อง [สุขภาพ]
    หัวเรื่อง [พฤติกรรมสุขภาพ]

BibComment


ยังไม่เคยถูกคอมเมนท์

คอมเมนท์ทรัพยากรรายการนี้
  คอมเมนท์: ทฤษฎีการสร้างเสร..


 Copyright 2026. Bcnsprnw @Library